000 00395nam a2200145Ia 4500
008 211109s9999||||xx |||||||||||||| ||und||
082 _a894.812
_bGAN-B
100 _aGangadharan, M
245 0 _aBodhathile Padukuzhikal
260 _bParicha
_aThiruvalla
_c1984
300 _a185p.
630 _xGeneral stack
650 _aMALAYALAM LITERATURE
_vMALAYALAM POETRYMalayalam185p.
942 _cBOOK
999 _c52135
_d52135